La resolución de problemas matemáticos en los profesores asesores del programa nacional de formación de educadores
Se plantea la elaboración de una estrategia de preparación para los profesores asesores del Programa Nacional de Formación de Educadores (PNFE).
Guardat en:
| Autor principal: | |
|---|---|
| Autor corporatiu: | |
| Altres autors: | , |
| Format: | eBook |
| Idioma: | espanyol |
| Publicat: |
La Habana :
Editorial Universitaria,
2012.
|
| Matèries: | |
| Accés en línia: | https://elibro.unach.elogim.com/es/lc/unach/titulos/90489 |
| Etiquetes: |
Afegir etiqueta
Sense etiquetes, Sigues el primer a etiquetar aquest registre!
|
MARC
| LEADER | 00000nam a2200000 a 4500 | ||
|---|---|---|---|
| 001 | ELB90489 | ||
| 003 | FlNmELB | ||
| 006 | m o d | | ||
| 007 | cr cn||||||||| | ||
| 008 | 201201r2012 cu |||||s|||||||||||spa d | ||
| 024 | 8 | |z Tesis | |
| 035 | |a (MiAaPQ)EBC3200829 | ||
| 035 | |a (Au-PeEL)EBL3200829 | ||
| 035 | |a (CaPaEBR)ebr10584115 | ||
| 035 | |a (OCoLC)929370106 | ||
| 040 | |a FlNmELB |b spa |c FlNmELB | ||
| 050 | 4 | |a LA173 |b S218 2012 | |
| 080 | |a 378 | ||
| 082 | 0 | 4 | |a 378 |2 22 |
| 100 | 1 | |a Sandoval Rujano, David Antonio. | |
| 245 | 1 | 3 | |a La resolución de problemas matemáticos en los profesores asesores del programa nacional de formación de educadores |h [recurso electronico] |c David Antonio Sandoval Rujano. |
| 260 | |a La Habana : |b Editorial Universitaria, |c 2012. | ||
| 300 | |a 120 p. | ||
| 500 | |a Tesis (doctorado) - Instituto Pedagógico Latinoamericano y Caribeño (IPLAC). | ||
| 520 | |a Se plantea la elaboración de una estrategia de preparación para los profesores asesores del Programa Nacional de Formación de Educadores (PNFE). | ||
| 533 | |a Recurso electrónico. Santa Fe, Arg.: e-libro, 2015. Disponible vía World Wide Web. El acceso puede estar limitado para las bibliotecas afiliadas a e-libro. | ||
| 650 | 4 | |a Educación. |x Métodos y materiales de enseñanza. |x Matemáticas. | |
| 650 | 4 | |a Education. |x Teaching methods and materials. |x Mathematics. | |
| 655 | 4 | |a Libros electrónicos. | |
| 700 | 1 | |a Roca, Marcia. |4 drt | |
| 700 | 1 | |a Montenegro, Elsa Iris. |4 drt | |
| 710 | 2 | |a e-libro, Corp. | |
| 856 | 4 | 0 | |u https://elibro.unach.elogim.com/es/lc/unach/titulos/90489 |